| 000 | 00907cam a2200241 a 4500 | ||
|---|---|---|---|
| 005 | 20250329173333.0 | ||
| 008 | 210504s2021 ck a gr 000 jdspa | ||
| 020 | _a978-958-30-6240-7 | ||
| 040 |
_aCO-CtgCURN _bspa _ccoctgcurn |
||
| 082 | 0 | 4 |
_a863.6 _bN689 |
| 100 | 1 | _aNoguera Arrieta, Luisa Margarita. | |
| 245 | 1 | 1 |
_a¡Yo te cuido¡ / _cLuisa Margarita Noguera Arrieta ; ilustraciones de Patricia Acosta. |
| 260 |
_aBogotá : _bPanamericana, _c2021. |
||
| 300 |
_a56 páginas. : _bilustraciones a color ; _c23 cm. |
||
| 490 | 0 | _aColección OA infantil | |
| 650 | 1 | 4 | _aCuentos infantiles colombianos. |
| 650 | 2 | 4 |
_aFamilia _vCuentos infantiles. |
| 650 | 2 | 4 |
_aEnfermedades _vCuentos infantiles. |
| 650 | 2 | 4 | _aLibros ilustrados para niños. |
| 700 | 1 |
_aRivas, Fabián, _eilustrador. |
|
| 942 |
_2ddc _aMSCTG _h863.6 _iN689 _o863.6 N689 |
||
| 999 |
_c7715 _d7715 |
||